000 00629nam a2200181Ia 4500
008 090124s9999 xx 000 0 und d
082 _b16419
100 _aसाठे अण्णा भाऊ
245 _a वारणेच्या खोऱ्यात
250 _a0
260 _bविद्यार्थी प्रकाशन
_c1951
300 _a96
600 _aसाठे अण्णा भाऊ
630 _a वारणेच्या खोऱ्यात
700 _aसाठे अण्णा भाऊ
730 _a वारणेच्या खोऱ्यात
942 _cBOOK
999 _c88740
_d88740